000 01925nac a2200313 a 4500
003 CO-PeBPM
005 20251206113608.0
008 251206s2024 ck a|||| |||| 00| 0 spa d
020 _a9789588334332
040 _aCO-PeBPM
_bspa
_cCO-PeBPM
_erda
041 _aspa
082 0 4 _a631.58 F981m
_222
110 1 _aFundación Hogares Juveniles Campesinos
245 1 0 _aManual de agricultura urbana
_b: Tecnologías de agricultura orgánica
_c/ Fundación Hogares Juveniles Campesinos
250 _aEdición especial
260 _aBogotá, Colombia
_b: Fundación Hogares Juveniles Campesinos
_c, 2024
300 _a160 páginas
_bilustraciones a color
_c26 centimetros
490 _aPlan Nacional de Lectura, Escritura y Oralidad / Ministerio de las Culturas, las Artes y los Saberes
500 _aIncluye índice y glosario
501 _aColección de actualización bibliográfica para la Red Nacional de Bibliotecas Públicas del Ministerio de las Culturas, de Lectura, Escritura y las Artes y los Saberes, en el marco del Plan Nacional de Lectura, Escritura, Oralidad y Bibliotecas "Leo la Vida", 2024
504 _aContiene bibliografía al final del texto
520 _aLa Fundación Hogares Juveniles Campesinos de Colombia es una entidad que desde el año 1970 ha venido transfiriendo a la juventud campesina y a la población del país en general tecnologías agrícolas con sentido social. Este es un manual cuyas partes, tanto teóricas como prácticas, están expresadas en una forma didáctica sencilla para que sean aplicadas por personas de todos los niveles culturales y académicos.
521 _aRecomendado para jóvenes y adultos
650 1 4 _aAgricultura urbana - Manuales
_2LEMB
650 1 4 _aInnovaciones agrícolas - Manuales
_2LEMB
650 1 4 _aHuertos urbanos - Manuales
_2LEMB
942 _2ddc
_cBK
_n0
999 _c107012
_d107012